01144nam a2200337 c 450000100060000000300100000600500170001600700030003300800410003602000180007704000350009504100130013004300120014308400110015510000320016624501260019825000300032426400550035430000180040933600270042733700330045433800280048752100420051553400450055765000340060265000370063665000330067365000330070670000330073970000340077260548CO-BoRNBP20260219132537.0ta160801s2008 sp gr 000 f spa d a9788478886159 aCO-BoRNBPbspaerdacCO-BoRNBP1 aspaheng ae-uk-en aN ROW110aRowling, Joanned1965-eaut10aHarry Potter y el prisionero de Azkaban /cJ.K. Rowling ; traducido por Adolfo Muñoz García y Nieves Martín Azofra. aDécimo octava edición 1aBarcelona, España :bEditorial Salamandra,c2008 a359 páginas atextobtxt2rdacontent asin mediaciónbn2rdamedia avolumenbnc2rdacarrier aRecomendado para público en general tHarry Potter and the prisoner of Azhaban17aLiteratura fantástica2rnbp17aLiteratura juvenil inglesa2rnbp17aMagos en la literatura2rnbp17aNovela juvenil inglesa2rnbp10aMartín Azofra, Nievesetrl10aMuñoz García, Adolfoetrl